00700nam a2200229 450000500170000001000150001702000260003203500140005803700090007208200160008110000180009724500820011525000060019726000400020327000740024330000200031770000260033770000260036370000310038970000220042070000280044220250617115833.0 aENG-145404 a9789361637162c280.00 aEN-128936 bDBAD a658.212521 aVijayaKumar R aRole of AI in Business Growth and Human Empowerment/cVijayaKumar R...[et.al] a1 aMaduraibShanlax Publicationsc2024 a61,66 Vasantha Nagar bMaduraie625003mshanlaxpublications@gmail.com a286p.c24cm(Pb) aNagadeepa, C.eAuthor aChandrakala MeAuthor aRaghavendra Babu JeAuthor aIbha RanieAuthor aGhosh, PriyankaeAuthor